000 00675nam a2200241 i 4500
001 bg
100 1 _aPiotrowski, Ryszard
_c(elektrotechnika).
245 1 0 _aĆwiczenia laboratoryjne z metrologii /
_cRyszard Piotrowski.
260 _aBiałystok :
_bWydawnictwo Politechniki Białostockiej,
_c2008.
300 _a231 s. :
_bil. ;
_c23 cm.
504 _aBibliogr. s. 231.
650 9 _aPomiary
655 _aPodręczniki akademickie
015 _aPB 15024/2009
020 _a9788360200568
040 _cBPK
041 _apol
044 _aPOL
080 _a531.7(075.8)
920 _a978-83-60200-56-8
942 _cKS
008 090805s2008 pl a f f |000 0 pol
999 _c56629
_d56629
856 _uhttp://koha.tu.koszalin.pl/cgi-bin/koha/opac-detail.pl?biblionumber=56629
_yKatalog online BPK